Skin of the earth (Record no. 15891)

000 -LEADER
fixed length control field 00416nam a22001817a 4500
001 - CONTROL NUMBER
control field 15891
003 - CONTROL NUMBER IDENTIFIER
control field BD-DhUET
008 - FIXED-LENGTH DATA ELEMENTS--GENERAL INFORMATION
fixed length control field 150316b xxu||||| |||| 00| 0 eng d
040 ## - CATALOGING SOURCE
Transcribing agency DLC
Modifying agency BD-DhUET
082 ## - DEWEY DECIMAL CLASSIFICATION NUMBER
Classification number 551
Item number MIL/1953
100 ## - MAIN ENTRY--PERSONAL NAME
Personal name Miller, Austin
245 ## - TITLE STATEMENT
Title Skin of the earth
250 ## - EDITION STATEMENT
Edition statement 1st ed.
260 ## - PUBLICATION, DISTRIBUTION, ETC. (IMPRINT)
Place of publication, distribution, etc. London
Name of publisher, distributor, etc. Methuen
Date of publication, distribution, etc. 1953
300 ## - PHYSICAL DESCRIPTION
Extent ixi,198p.
650 #0 - SUBJECT ADDED ENTRY--TOPICAL TERM
Topical term or geographic name as entry element Geophysics:Geology
942 ## - ADDED ENTRY ELEMENTS (KOHA)
Koha item type General Book
Holdings
Source of classification or shelving scheme Koha full call number Piece designation (barcode) Damaged status Koha item type Copy number Sublocation or collection (holding branch) Withdrawn status Lost status Location (home branch) Koha normalized classification for sorting Koha date last seen Date acquired Shelving location Not for loan Price effective from
 551/MIL/19538465 General Book1Central Library, BUET  Central Library, BUET551_000000000000000_MIL_19532015-03-162015-03-16Circulation section 2015-03-16
 551/MIL/195351199 General Book2Central Library, BUET  Central Library, BUET551_000000000000000_MIL_19532015-05-192015-05-19Circulation section 2015-05-19